| 000 | 00928nam a2200289 i 4500 | ||
|---|---|---|---|
| 003 | EG-GICUC | ||
| 005 | 20260121101213.0 | ||
| 008 | 251112s1962 -usad f |||| 000 0 eng d | ||
| 040 |
_aEG-GiCUC _beng _cEG-GiCUC _dEG-GiCUC _erda |
||
| 041 | 0 | _aeng | |
| 082 | 0 | 4 |
_221 _a338.9 _bCA . F |
| 092 | 0 | 4 | _221 |
| 099 | _aLaw1 13 338.9 CA . F 1962 | ||
| 100 | 1 |
_aCairncross , A. K _eAuthor. |
|
| 245 | 1 | 0 |
_aFactors In Economic Development / _cA. K. Cairncross. |
| 264 | 1 |
_aLondon : _bGeorge Allen & Unwin Ltd, _c1962. |
|
| 300 |
_a346 pages : _billustrations ; _c24 cm. |
||
| 336 |
_2rda content _atext |
||
| 337 |
_2rda media _aComputer |
||
| 338 |
_2rda carrier _aOnline Resource |
||
| 504 | _aIncludes bibliographical references. | ||
| 546 | _aText in English | ||
| 650 | 1 | 4 | _aPublic finance and tax legislation |
| 856 | 4 | 0 | _uhttps://fll.law.cu.edu.eg/fulltext/bks/B13-07479.pdf |
| 905 | _a48 | ||
| 942 |
_2ddc _cBK _e21 _n0 |
||
| 999 |
_c42786 _d42786 |
||